Easy Quiz - Statistics

General Stats
  • This quiz has been taken 23 times
  • The average score is 11 of 15
Answer Stats
Hint Answer % Correct
What is a chicken with eyes? A chicken
95%
What is chicken-flavoured? Chicken
95%
What is blue? Blue
85%
What is green? Green
85%
What is spherical? Spheres
85%
What is a rat? A rat
80%
What is cloudy? Clouds
80%
What is gold? Gold
80%
What does pork taste like? Pig
80%
What is east? The east
80%
What is woody? Wood
80%
Is deadly Death
75%
What highlights? A highlighter
50%
What is something that doesn’t have meat? Meatless
35%
What is good? Goodness
30%
No matching quizzes found
Score Distribution
Percent of People with Each Score
Percentile by Number Answered
Your Score History
You have not taken this quiz